Identifikace a modelování elektromechanického pohonu se stejnosměrným motorem s cizím buzením /

Hlavní autor: Formánek, Ivo
Korporativní autor: Vysoká škola báňská - Technická univerzita Ostrava. Strojní fakulta
Jazyk: Čeština
Vydáno: Ostrava : VŠB-Technická univerzita, 1995
Vydání: 1. vyd.
Témata:
Fyzický popis: 51 s. : il. ; 29 cm
Knihy
Uloženo v:
LEADER 01603nam a2200337 a 4500
001 000068399
003 CZ BrMZK
005 20080606091910.0
007 ta
008 950313s1995 xr a f cze d
020 |a 80-7078-295-1 
040 |a BOA001  |b cze 
080 |a 621.313.2(075.8)  |2 MRF 
100 1 |a Formánek, Ivo  |7 mzk2006322995  |4 aut 
245 1 0 |a Identifikace a modelování elektromechanického pohonu se stejnosměrným motorem s cizím buzením /  |c Ivo Formánek 
250 |a 1. vyd. 
260 |a Ostrava :  |b VŠB-Technická univerzita,  |c 1995 
300 |a 51 s. :  |b il. ;  |c 29 cm 
504 |a Obsahuje bibliografii 
521 8 |a Určeno pro posluchače 4. ročníku FS 
653 0 |a elektromechanické pohony  |a stejnosměrné motory 
710 2 |a Vysoká škola báňská - Technická univerzita Ostrava.  |b Strojní fakulta  |7 kn20010709395 
910 |a BOA001  |b 4-1020.252  |b TK-A-0259.055 
920 |a 000071852 
964 |a Pohony elektromechanické  |x identifikace  |x simulace  |x učebnice  |x školy vysoké 
990 |a BK 
996 7 |b 2610036059  |c 4-1020.252  |l MZK  |r Sklad / do 1 hodiny  |n 11  |p p.v.  |w 000068399  |u 000010  |a 1  |e BOA001  |j MZK50  |s A 
996 7 |b 2620004218  |c TK-A-0259.055  |l MZK  |r Sklad / do 24 hodin  |n 5  |p kup  |w 000068399  |u 000020  |a 1  |e BOA001  |j MZK50  |s A 
996 7 |b 2620004219  |c TK-A-0259.055  |l MZK  |r Sklad / do 24 hodin  |n 3  |p kup  |w 000068399  |u 000030  |a 1  |e BOA001  |j MZK50  |s A 
996 7 |b 2620004652  |c TK-A-0259.055  |l MZK  |r Sklad / do 24 hodin  |n 1  |p kup  |w 000068399  |u 000040  |a 1  |e BOA001  |j MZK50  |s A 
996 7 |b 2620004653  |c TK-A-0259.055  |l MZK  |r Sklad / do 24 hodin  |n 2  |p kup  |w 000068399  |u 000050  |a 1  |e BOA001  |j MZK50  |s A